书目信息 |
| 题名: |
中医正骨经验概述
|
|
| 作者: | 杜自明 讲 ;内外科研究所骨伤科 整理 | |
| 分册: | ||
| 出版信息: | 北京 人民卫生出版社 1960 |
|
| 页数: | 128页 | |
| 开本: | 19cm | |
| 丛书名: | ||
| 单 册: | ||
| 中图分类: | R269 | |
| 科图分类: | ||
| 主题词: | 正骨手法 | |
| 电子资源: | ||
| ISBN: | ||
| 000 | 00811nam0 2200241 45 | |
| 001 | 0188000440 | |
| 005 | 20060412160952.10 | |
| 010 | @dCNY0.42 | |
| 100 | @a19910410d1960 k y0chiy0120 ea | |
| 101 | 0 | @achi |
| 102 | @aCN@b110000 | |
| 105 | @af z 000yy | |
| 200 | 10 | @a中医正骨经验概述@Azhong yi zheng gu jing yan gai shu@f杜自明讲@Fdu zi ming jiang@g内外科研究所骨伤科整理 |
| 210 | @a北京@c人民卫生出版社@d1960 | |
| 215 | @a128页@c图@d19cm | |
| 330 | @a本书重点介绍了中医传统正骨手法,并结合现代医学理论加以说明,还附有典型病例介绍。 | |
| 540 | 1 | @a中医正骨手法@Azhong yi zheng gu shou fa |
| 606 | @a正骨手法 | |
| 690 | @aR269@v4 | |
| 701 | 0 | @a杜自明@Adu zi ming@4讲 |
| 712 | 0 | @a内外科研究所骨伤科@Anei wai ke yan jiu suo gu shang ke@4整理 |
| 801 | 0 | @aCN@bTSSF@c20060412 |
| 905 | @a10447@dR269@e2 | |
| 中医正骨经验概述/杜自明讲/内外科研究所骨伤科整理.-北京:人民卫生出版社,1960 |
| 128页:图;19cm |
| ISBN :CNY0.42 |
| 本书重点介绍了中医传统正骨手法,并结合现代医学理论加以说明,还附有典型病例介绍。 |
| ● |
| 相关链接 |
|
|
|
|
正题名:中医正骨经验概述
索取号:R269/2
 
预约/预借
| 序号 | 登录号 | 条形码 | 馆藏地/架位号 | 状态 | 备注 |
| 1 | 0038406 | 000711233 | 密集书库/ [索取号:R269/2] | 在馆 |